Contract II alongwith sale of goods act and partnership act (Record no. 15676)

MARC details
000 -LEADER
fixed length control field 00504nam a2200181Ia 4500
008 - FIXED-LENGTH DATA ELEMENTS--GENERAL INFORMATION
fixed length control field 230917s9999||||xx |||||||||||||| ||und||
020 ## - ISBN
Price RS320
040 ## - CATALOGING SOURCE
-- 227913
Original cataloging agency VIVEKANANDA LIBRARY
041 ## - Language
-- English
082 ## - DDC NUMBER
Classification number 346.022 K141C(14)
100 ## - MAIN ENTRY--PERSONAL NAME
Personal name Kapoor, S K
245 #0 - TITLE STATEMENT
Title Contract II alongwith sale of goods act and partnership act
250 ## - EDITION STATEMENT
Edition statement 14th ed.
260 ## - PUBLICATION, DISTRIBUTION, ETC. (IMPRINT)
Place of publication, distribution, etc Allahabad
Name of publisher, distributor, etc Central Law Agency
Date of publication, distribution, etc 2014
300 ## - PHYSICAL DESCRIPTION
Pages 390 p.
500 ## - GENERAL NOTE
General note 2086 26/08/2015 KB15/115 11/09/2015 Main Budget
942 ## - ADDED ENTRY ELEMENTS (KOHA)
Koha item type Books
Holdings
Withdrawn status Lost status Damaged status Not for loan Location (home branch) Sublocation or collection (holding branch) Date acquired Koha issues (times borrowed) Koha full call number Accession No. Koha date last seen Koha item type
        VIVEKANANDA LIBRARY VIVEKANANDA LIBRARY 30/11/2015 8 346.022 K141C(14) 343634 20/04/2026 Books
        VIVEKANANDA LIBRARY VIVEKANANDA LIBRARY 30/11/2015 3 346.022 K141C(14) 343635 12/04/2025 Books
        VIVEKANANDA LIBRARY VIVEKANANDA LIBRARY 30/11/2015 7 346.022 K141C(14) 343636 27/04/2026 Books
        VIVEKANANDA LIBRARY VIVEKANANDA LIBRARY 30/11/2015 2 346.022 K141C(14) 343637 06/02/2025 Books
        VIVEKANANDA LIBRARY VIVEKANANDA LIBRARY 30/11/2015 8 346.022 K141C(14) 343638 20/04/2026 Books
© Designed and Maintained by Vivekananda Library, MDU Rohtak